000 00867cam a22002411 4500
001 f 33000048
003 DLC
005 20260227111249.0
008 920605s1928 stka f000 0 eng c
010 _af 33000048
035 _a(OCoLC)25957662
040 _aLibrary, U.S. Bur. of Fisheries
_cCSt
_dDLC
042 _apremarc
050 0 0 _aSH259
_b.A24 1927, no. II
100 1 _aBowman, Alexander.
245 1 0 _aLine fishing in the Moray firth during the period 1904-1916 (inclusive)
_b(with figures)
_cby Alexander Bowman ...
260 _aEdinburgh,
_bH.M. Stationery Off.,
_c1928.
300 _a57 p. incl. tables, diagrs.
_c27 cm.
490 0 _aScotland. Fishery Board. Scientific investigations,
_v1927, no. II
500 _aAt head of title: ... Fishery Board for Scotland.
650 0 _aFishing
_zScotland.
650 0 _aFishing
_xEquipment and supplies.
999 _c23343
_d23343